00000000cam 2200000zi 4500
0019.950288
003CaOODSP
00520260527103446
006m     o  d f      
007cr mn|||||||||
008250422t20252025onca    obu  f001 0 fre d
020 |a9780660770000
040 |aCaOODSP|bfre|erda|cCaOODSP
043 |an-cn---
0861 |aNR24-27/2025F-PDF
24500|aCode national de prévention des incendies - Canada 2025 / |célaboré par le Comité canadien de l'harmonisation des codes de construction.
250 |aDouzième édition 2025.
264 1|aOttawa (Ontario) : |bConseil national de recherches du Canada, |c2025.
264 4|c©2025
300 |a1 ressource en ligne (1 volume (pagination multiple)) : |billustrations
336 |atexte|btxt|2rdacontent/fre
337 |ainformatique|bc|2rdamedia/fre
338 |aressource en ligne|bcr|2rdacarrier/fre
500 |a« Première impression. »
500 |aPublié aussi en anglais sous le titre : National Fire Code of Canada 2025.
504 |aComprend des références bibliographiques et un index.
520 |a« Le Code national de prévention des incendies - Canada (CNPI) est l'un des cinq codes modèles nationaux, toute comme le Code national du bâtiment - Canada (CNB), le Code national de l'énergie pour les bâtiments - Canada (CNÉB), le Code national de la plomberie - Canada (CNP) et le Code national de construction des bâtiments agricoles - Canada (dernière parution en 1995). Au Canada, les gouvernements provinciaux et territoriaux ont l'autorité nécessaire pour adopter les lois qui réglementent les aspects relatifs aux bâtiments et aux installations, décrits ci-après, relevant de leur compétence: les activités liées à la construction, à l'utilisation ou à la démolition de bâtiments et d'installations; l'état d'éléments particuliers de bâtiments et d'installations; la conception ou la construction d'éléments particuliers d'installations relativement à certains risques; et les mesures de protection liées à l'utilisation actuelle ou prévue des bâtiments. Ces lois et règlements peuvent comprendre l'adoption du CNPI, sans aucun changement ou avec des modifications destinées à répondre à des besoins locaux, ainsi que d'autres lois et règlements liés à ces aspects des bâtiments et installations. Les personnes participant à l'exploitation de bâtiments ou d'installations devraient consulter l'autorité compétente provinciale ou territoriale concernée afin de déterminer quelles exigences doivent s'appliquer » -- Préface, page v.
530 |aÉgalement publié en version imprimée.
650 6|aIncendies|xPrévention|xDroit|zCanada.
650 6|aIncendies|xExtinction|xDroit|zCanada.
650 6|aIncendies|xPrévention|xNormes|zCanada.
650 6|aIncendies|xExtinction|xNormes|zCanada.
7102 |aComité canadien de l'harmonisation des codes de construction, |eorganisme de publication.
7102 |aConseil national de recherches du Canada, |eorganisme de publication.
77508|tNational Fire Code of Canada 2025 / |w(CaOODSP)9.950285
7760#|tCode national de prévention des incendies - Canada 2025 / |w(CaOODSP)9.950291
795 |tCode national de prévention des incendies - Canada 2020 / |bOnzième édition 2020|w(CaOODSP)9.897550
85640|qPDF|s2.62 Mo|uhttps://publications.gc.ca/collections/collection_2026/cnrc-nrc/NR24-27-2025-fra.pdf
986 |aNRCC-CONST-56757F